000 00886nam a22002537a 4500
005 20170123162307.0
010 _aB-429365
020 _c200.00
035 _aB-429365
037 _bCen Lib/Ret
040 _aDPL
_bUR
082 _a841
_bر و ن
100 _aرونق مصوور عارفی
_9814
245 _aبازیافت :
_cرونق مصوور عارفی
_bشیری مجمع /
246 _aBazyaft : shayri majmua /
_bby Raunaq Musavvir Aarfi
260 _a دہلی
_bکتابی دنیا
_c2009
270 _a١٩٥٥، گلی نواب مرزا ترکمان گیٹ
_b دہلی
_e110006
300 _a160p.
_c21cm(Hb)
650 _a ادب - اردو
_9134386
650 _a اردو شاعری کا مجموعہ
_9111213
650 _aLiterature -- Urdu
_9134387
650 _aUrdu poetry collection
_9111215
942 _2ddc
_cUR
_h841
_mر و ن
999 _c106385
_d106385